00421nam a2200145Ia 4500008004100000020001800041041000800059082001600067100004200083245005900125250000600184260005200190300000800242650002500250210716s2005 xx 000 0 und d a9788131504918 aeng a658.15 BRIE aBrigham, Eugene F;Enhardt, Michael C. aFinancial management: text and cases.bText and cases. a1 aNew DelhibCengage Learning India Pvt Ltdc2005 a802 aFinancial Management